00499nam a2200181 a 450000100060000000300090000600800410001502000150005604000280007108200160009910000200011524500400013526000470017530000110022249000450023365000190027865000200029719924CO-ViMGA141112s2004 ck r 000 u spa d a9508021098 aCO-ViMGAbspacCO-ViMGA04a302.4 C413r1 aChadi, Mónica10aRedes Sociales en el trabajo social aBuenos Aires : bEspacio Editorial, c2000 a161 p. aColección ciencias sociales, novedades14aREDES SOCIALES14aSERVICIO SOCIAL